Opera y Poesía: libretos
Salvato in:
| Autore principale: | |
|---|---|
| Natura: | Libro |
| Lingua: | spagnolo |
| Pubblicazione: |
Helsinki
Suomen
2016
|
| Edizione: | 1a. ed |
| Serie: | Acta Semiotica Fennica, 48
|
| Soggetti: | |
| Tags: |
Aggiungi Tag
Nessun Tag, puoi essere il primo ad aggiungerne!!
|
MARC
| LEADER | 00000cam a2200000 a 4500 | ||
|---|---|---|---|
| 001 | UCC0406 | ||
| 003 | CL-VaPUC | ||
| 008 | 170811e20160000fi |||||||||||||||||spa|d | ||
| 020 | |a 9789526825762 | ||
| 082 | 0 | 4 | |a 782.117 |b NUÑ |2 21 |
| 100 | |a Núñez, Maritza |e autora |9 594360 | ||
| 245 | 1 | 0 | |a Opera y Poesía: libretos |
| 250 | |a 1a. ed | ||
| 300 | |a 366 p | ||
| 942 | |c BK | ||
| 945 | |d 20170811 15:21:00 |a dcastane | ||
| 260 | |a Helsinki |b Suomen |c 2016 | ||
| 650 | 7 | |a OPERA |2 CL-VaPUC |9 594361 | |
| 650 | 0 | |a Apreciación musical |9 306325 | |
| 650 | 0 | |a Libretos de ópera |9 417775 | |
| 583 | |a last modification |c 20170811 15:21:00 |k Rodrigo Vera | ||
| 490 | 0 | |a Acta Semiotica Fennica, 48 | |
| 999 | |c 369257 |d 369255 | ||
| 952 | |0 0 |1 0 |3 erb |4 0 |6 782_117000000000000_NUÑ_2016 |7 0 |8 ? |9 484899 |a BIBEDU |b BIBEDU |i 5413559 |o 782.117 NUÑ 2016 |p 5413559 |r 2023-01-12 |w 2019-11-24 |y BK |z Catalogado en:20170811 |k MUS | ||